Normal view
MARC view
- Friedman, Milton
Entry Personal Name
001 - CONTROL NUMBER
- control field: 134135
003 - CONTROL NUMBER IDENTIFIER
- control field: NUST
005 - DATE AND TIME OF LATEST TRANSACTION
- control field: 20260415122439.0
008 - FIXED-LENGTH DATA ELEMENTS
- fixed length control field: 260415|| aca||aabn | a|a d
040 ## - CATALOGING SOURCE
- Original cataloging agency: NUST
- Transcribing agency: NUST
100 ## - HEADING--PERSONAL NAME
- Personal name: Friedman, Milton
670 ## - SOURCE DATA FOUND
- Source citation: Work cat.: (NUST): Friedman, Milton., Free to choose : a personal statement /, 1980.
